Old-Fashioned Names Quiz Stats

 Plays Quiz not verified by Sporcle

Also try: Not a Pope Name
Challenge
Share
Tweet
Embed
Score 0/30 Timer 08:00
0 Plays Today
% Correct
Howard
85.5%
Leonard
84.6%
Bruce
82.1%
Edmund
80.1%
Warren
79.3%
Harold
77.8%
Harvey
76.8%
Arnold
76.3%
Marvin
74.1%
Dwight
70.6%
Norman
70%
Lionel
69.7%
Lloyd
69.3%
Clifford
69%
Leroy
65.3%
% Correct
Clarence
64.9%
Alvin
64.2%
Lyle
63.6%
Roland
61.8%
Clyde
60.9%
Gilbert
58.9%
Otis
55.9%
Otto
54.8%
Vernon
53.9%
Milton
53.9%
Emil
53.2%
Melvin
53%
Irving
48.3%
Cornelius
45.3%
Elmer
35.4%

You're not logged in!

Compare scores with friends on all Sporcle quizzes.
Join for Free
OR
Log In

You Might Also Like...

Show Comments

Extras

Top Quizzes Today


Score Distribution

Your Account Isn't Verified!

In order to create a playlist on Sporcle, you need to verify the email address you used during registration. Go to your Sporcle Settings to finish the process.

Report this User

Report this user for behavior that violates our Community Guidelines.

Details: